| 000 | 01091nas a2200349Ia 4500 | ||
|---|---|---|---|
| 001 | PE SENCICO BE | ||
| 003 | PE SENCICO BE | ||
| 005 | 20251020182632.0 | ||
| 008 | 230227c99999999xx |||||||||||| ||spa|| | ||
| 022 | _a0213-487X | ||
| 040 |
_aPE SENCICO BE _cPE SENCICO BE |
||
| 041 | _aspa | ||
| 110 | 1 |
_aArquitectura Viva SL _92385 |
|
| 245 | 1 | 0 |
_aAV : _bMonografías Monographs / _cArquitectura Viva SL |
| 260 |
_aMadrid: _bFernades-Galiano,Luis _c2014 |
||
| 300 |
_av. : _bil. col. ; _c30 cm. |
||
| 500 | _aDescripción basada en: N° 152 (2011). | ||
| 650 | 1 | 0 |
_aArquitectura _949 |
| 650 | 2 | 0 |
_aArquitectura de viviendas _9370 |
| 650 | 2 | 0 |
_aArquitectura de interiores _98 |
| 650 | 2 | 0 |
_aArquitectura moderna _9191 |
| 650 | 2 | 0 |
_aArquitectura urbana _9570 |
| 650 | 2 | 0 |
_aDiseño arquitectónico _918 |
| 650 | 2 | 0 |
_aArquitectura estética _91424 |
| 866 | _a2011 : No. 152 | ||
| 866 | _a2014 : No. 165-166, 167-168, 169, 170 | ||
| 866 | _a2015 :No. 176 | ||
| 866 | _a2017 : No. 196, 197-198, 200 | ||
| 866 | _a2018 : 205, 207 | ||
| 910 |
_ahfp _bhfp _chfp |
||
| 942 |
_cREV _2ddc |
||
| 999 |
_c4023 _d4023 |
||